000 00840nam a2200241Ii 4500
003 JO-AjNU
008 230605s9999||||xx |||||||||||||| ||und||
017 _a2009/5/1855
020 _a9957-16-523-9
040 _aJO-AjNU
_bara
_erda
_cJO-AjNU
041 _aara
050 1 4 _aK625.2010
100 3 _a الكسواني ، عامر محمود ,
_eauthor
_925822
245 0 0 _aموسوعة القانون الدولي الخاص، 1 تنازع القوانين
250 _aط1
264 3 1 _aعمان : دار الثقافة ، 2010
300 _a320ص
336 _atext
_btxt
_2rdacontent
337 _aunmediated
_bn
_2rdamedia
338 _avolume
_bnc
_2rdacarrier
490 0 _aموسوعة القانون الدولي الخاص (1)
650 4 _aالقانون الدولي الخاص -- القانون الدولي
_925823
999 _aA9708
_c13276
_d13276